Touhou 1-10.5 Characters - Statistics

General Stats
  • This quiz has been taken 28 times
  • The average score is 52 of 75
Answer Stats
Picture Answer % Correct
Cirno
100%
Marisa Kirisame
100%
Reimu Hakurei
100%
Alice Margatriod
95%
Alice (PC-98)
95%
Aya Shameimaru
95%
Hong Meiling
95%
Sakuya Izayoi
95%
Chen
89%
Flandre Scarlet
89%
Patchouli Knowledge
89%
Rumia
89%
Tenshi Hinanawi
89%
Wriggle Nightbug
89%
Youmu Konpaku
89%
Yuyuko Saigyouji
89%
Eirin Yagokoro
84%
Kaguya Houraisan
84%
Nitori Kawashiro
84%
Ran Yakumo
84%
Reisen Udongein Inaba
84%
Remilia Scarlet
84%
Sanae Kochiya
84%
Suwako Moriya
84%
Yukari Yakumo
84%
Lyrica Prismriver
79%
Suika Ibuki
79%
Tewi Inaba
79%
Yuuka Kazami
79%
Yuuka (PC-98 Stage 5)
79%
Yuuka (PC-98 Stage 6)
79%
Eiki Shiki, Yamaxanadu
74%
Fujiwara no Mokou
74%
Keine Kamishirasawa (Hakutaku)
74%
Keine Kamishirasawa (Human)
74%
Komachi Onozuka
74%
Letty Whiterock
74%
Lunasa Prismriver
74%
Medicine Melancholy
74%
Mystia Lorelei
74%
Kanako Yasaka
68%
Merlin Prismriver
68%
Mima
68%
Elly
63%
Hina Kagiyama
63%
Iku Nagae
63%
Shinki
63%
Lily White
58%
Mai
58%
Minoriko Aki
58%
Sariel
58%
Shizuha Aki
58%
Elis
53%
Rika
53%
SinGyoku
53%
SinGyoku
53%
SinGyoku
53%
Chiyuri Kitashirakawa
47%
Gengetsu
47%
Kotohime
47%
Mugetsu
47%
Orange
47%
Yumeko
47%
Yumemi Okazaki
47%
Ellen
42%
Kikuri
42%
Kurumi
42%
Louise
42%
Yuki
42%
YuugenMagan
42%
Kana Anaberal
37%
Meira
37%
Rikako Asakura
37%
Sara
37%
Evil Eye Σ
32%
No matching quizzes found
Score Distribution
Percent of People with Each Score
Percentile by Number Answered
Your Score History
You have not taken this quiz